| 000 | 00668nam a22001937a 4500 | ||
|---|---|---|---|
| 003 | OSt | ||
| 005 | 20250808063550.0 | ||
| 008 | 240525b |||||||| |||| 00| 0 eng d | ||
| 020 | _a9786214271658 | ||
| 040 |
_aDWC-Main lib _cOC |
||
| 082 | _aFil. 658.4038 In43 2023 | ||
| 100 | _aCortez, Dan Michael A. | ||
| 245 |
_aInformation management/ _cDan Michael A. Cortez |
||
| 260 |
_aIntramuros, Manila , Philippines : _bUnlimited Books Library Services and Pub., _cc2023. |
||
| 300 |
_aviii, 182 pages : _billustrations ; _c25cm. |
||
| 504 | _aIncludes bibliographical references. | ||
| 650 | _a1. Information technology --- Management. | ||
| 942 |
_2ddc _cBK - FIL _kFil. _n0 |
||
| 999 |
_c53 _d53 |
||